Statistics for Famous Hindus

Click here to take the quiz!

General Stats

  • This quiz has been taken 45 times
  • The average score is 4 of 16

Answer Stats

Answer% Correct
Mahatma Gandhi
100%
George Harrison
66%
Narendra Modi
63%
Julia Roberts
59%
Ravi Shankar
54%
Sri Sri Ravi Shankar
54%
Maharishi Mahesh Yogi
17%
J Mascis
7%
John Coltrane
7%
Alfred Ford
5%
John McLaughlin
5%
Nina Hagen
5%
Amma
2%
Annie Besant
2%
Ram Dass
2%
Sri Chinmoy
0%

Score Distribution

Percentile by Number Answered

Percent of People with Each Score

Your Score History

You have not taken this quiz